Formuła 1 jacy zawodnicy będą jeździć w danych zespołach - Statystyki

Ogólne statystyki
  • Ten quiz został rozwiązany 176 razy
  • Średni wynik to 15 z 20
Statystyki odpowiedzi
Hint Odpowiedź % Poprawnych
Mercedes Lewis Hamilton
92%
Red Bull Racing sergio perez
91%
Scuderia Ferrari carlos sainz
88%
Scuderia Ferrari Charles Leclerc
86%
McLaren Racing lando norris
84%
mercedes george russell
80%
McLaren Racing oscar piastri
80%
alpine f1 team pierre gasly
80%
alpine f1 team esteban ocon
78%
Aston Martin Fernando Alonso
78%
Aston Martin Lance Stroll
77%
AlfaTauri Yuki Tsunoda
75%
Haas F1 Team Kevin Magnussen
73%
Haas F1 Team Nico Hulkenberg
73%
Red Bull Racing Max Verstapen
70%
alfa romeo valtteri bottas
70%
Williams Racing Alex Albon
69%
Williams Racing Logan Sargeant
59%
alfa romeo Zhou Guanyu
51%
AlfaTauri Nyck de Vries
41%
Nie znaleziono quizów pasujących do podanych kryteriów
Rozkład punktacji
Procent ludzi z każdym wynikiem
Percentyl według liczby udzielonych odpowiedzi
Twoja historia wyników
Nie rozwiązałeś tego quizu